Química Inorgánica . Principios de estructura y reactividad / James E. Huheey (Registro nro. 14234)

Detalles MARC
000 -LÍDER
fixed length control field 00595nam a2200181 4500
008 - ELEMENTOS DE LONGITUD FIJA -- INFORMACIÓN GENERAL
fixed length control field 0 1997 0a 000 0MEX
020 ## - NÚMERO INTERNACIONAL NORMALIZADO PARA LIBROS
ISBN 970-15-1135-2, 978-970-15-1135-0
050 ## - SIGNATURA TOPOGRAFICA DE LA BIBLIOTECA DEL CONGRESO (LC)
Número de Clasificación QD151.2 H84 1997
082 ## - NUMERO DE CLASIFICACION DECIMAL DEWEY
Número de Clasificación 546 H875q
100 ## - ASIENTO PRINCIPAL--NOMBRE PERSONAL
Nombre personal Huheey, James E.
245 ## - TÍTULO
Título Química Inorgánica . Principios de estructura y reactividad / James E. Huheey
250 ## - MENCIÓN DE EDICIÓN
Mención de edición 4
260 ## - PUBLICACIÓN, DISTRIBUCIÓN, ETC. (PIE DE IMPRENTA)
Lugar de publicación, distribución, etc. México : Oxford.
300 ## - DESCRIPCIÓN FÍSICA
Extensión 1023 p. / 23cm
500 ## - NOTA GENERAL
Nota general Incluye ap‚ndice e índice.
650 ## - ASIENTO SECUNDARIO DE MATERIA - TERMINO TEMÁTICO
Término temático o nombre geográfico como elemento de entrada 1.QUÍMICA INORGÁNICA
700 ## - ASIENTO SECUNDARIO - NOMBRE PERSONAL
Nombre personal Keiter, Ellen A., coaut. \ Aguilar Ortega, Ma. Teresa, Tr.
Existencias
No. biblioteca No. biblioteca Número de clasificación Código de barras/Número de adquisición Número de copia Tipo de material
LUIS G. INCLAN LUIS G. INCLAN 546 H875q 33556 1 Libros
LUIS G. INCLAN LUIS G. INCLAN 546 H875q 47009 2 Libros
LUIS G. INCLAN LUIS G. INCLAN 546 H875q 49660 3 Libros
LUIS G. INCLAN LUIS G. INCLAN 546 H875q 49661 4 Libros
Calzada Tecnológico # 27, Zacatepec, Morelos.
01(734) 343-07-23 / 343-21-10 / 343-21-11
Apdo. Postal 45 C.P 62780